Name the singer - Statistics

General Stats
  • This quiz has been taken 19 times
  • The average score is 5 of 16
Answer Stats
Picture Answer % Correct
Noel Gallagher
68%
Madonna
58%
Felix
37%
Leigh-Anne
32%
Suki Waterhouse
32%
Ning-Ning
26%
Sam Fender
26%
Taehyung
26%
Yeji
26%
Yuqi
26%
Alex Turner
21%
Geri Horner/Ginger Spice
21%
Ian Brown
21%
Neil Tennant
21%
Reba McEntire
21%
Ryunjin
5%
No matching quizzes found
Score Distribution
Percent of People with Each Score
Percentile by Number Answered
Your Score History
You have not taken this quiz